01466nam a2200217 a 4500008004100000020001800041041000800059092001700067100002200084245006900106250003700175260003900212300001100251500007100262505059600333590006800929655002100997942001301018999001501031952020201046190917t2014 sp |||g |||| 001 0 spa d a9788499188638 aspa c808l10sCAS1 aCass, Kiera94307 3aLa elegida.bSolo una chica se llevará la corona /cKiera Cass a1a ed.bTraducción Jorge Rizzo aBarcelona:bRoca editorial;c2014. a255 p. aCass, K. (2014). La elegida. (1a ed.). Barcelona : Roca editorial. aLa situación en el palacio es cada vez más peligrosa. Los rebeldes atacan tanto por el norte como por el sur y América, las chicas que siguen en la selección y Maxon se encuentran en verdadero peligro. Mientras todo esto sucede, la disyuntiva en la que se encuentra América tampoco es mucho mejor: elegir entre su primer amor, Aspen, y el príncipe Maxon, quien poco a poco ha ido conquistándola. Eso sin tener en cuenta también que el príncipe debe escogerla a ella de entre las seis seleccionadas que podrían convertirse en su esposa y que aún permanecen en palacio.  a Proyecto 4to libro, Donación Maria Vitarelli, Diciembre 2017 aLiteratura92917 2ddccLIT c3258d3258 00102ddc4070aBFMbBFMcCRd2025-04-23eDonación Abril 2025. Chiara Montenegrol0o808 10 CASp5015r2025-04-24tEj.1w2025-04-24yLITzDonación Abril 2025. Chiara Montenegro. Sede Tordos.f